Los fundamentos de la planificación del desarrollo en América Latina y el Caribe: textos seleccionados del ILPES, 1962-1972

Salvato in:
Dettagli Bibliografici
Autore principale: Martner, Ricardo (autor)
Altri autori: Máttar, Jorge (autor)
Natura: Libro
Lingua:spagnolo
Pubblicazione: Santiago CEPAL 2012
Soggetti:
Tags: Aggiungi Tag
Nessun Tag, puoi essere il primo ad aggiungerne!!

MARC

LEADER 00000cam a2200000 a 4500
001 UCF6824
003 CL-VaPUC
008 130524e20121200CL |||||||||||||||||spa|d
020 |a 9789212211039 
082 0 4 |a 330.90  |b MAR  |2 21 
100 |a Martner, Ricardo  |e autor  |9 593181 
700 |a Máttar, Jorge  |e autor  |9 597042 
245 1 4 |a Los fundamentos de la planificación del desarrollo en América Latina y el Caribe: textos seleccionados del ILPES, 1962-1972 
300 |a 190 p 
942 |c BK 
945 |d 20130524 00:00:00  |a dcastane 
260 |a Santiago  |b CEPAL  |c 2012 
650 0 |a Desarrollo económico y social   |9 256320 
650 0 |a Economía   |9 255568 
651 0 |a América Latina   |9 255027 
651 0 |a El Caribe  |9 341255 
583 |a last modification  |c 20130524 08:39:00  |k Rodrigo Vera 
999 |c 351879  |d 351877 
952 |0 0  |1 0  |4 0  |6 330_900000000000000_MAR_2012  |7 0  |8 A  |9 456276  |a BIBGIM  |b BIBGIM  |d 2019-11-22  |i 4972473  |o 330.90 MAR 2012  |p 4972473  |r 2025-01-15  |w 2019-11-22  |y BK  |k GIM